| 000 | 00487cam a2200193ua 4500 | ||
|---|---|---|---|
| 001 | 8985 | ||
| 008 | 150219n ii |||gr||||Z||||||asm | ||
| 040 | _cMAIN | ||
| 041 | _aasm | ||
| 082 | _a891.4514 | ||
| 100 |
_aSarma, U. N., _eAuthor. |
||
| 245 | 1 |
_aNirbachita prabandha : _bVol I / _cBy U. N. Sarma . |
|
| 250 | _a1st. | ||
| 260 |
_aGuwahati: _bJoydev, _c2010. |
||
| 300 | _a290p. | ||
| 653 | _aEast Indo-European & Celtic literatures | ||
| 653 | _aAssamese essays | ||
| 942 | _cBK | ||
| 999 |
_c8078 _d8078 |
||